مختبر فيجوال C++ )2008( = (رقم التسجيلة. 13563)

تفاصيل مارك
000 -الفاتح
حقل البيانات ثابتة الطول 00875nam a22002057a 4500
003 - محدد رقم الضبط
رقم الضبط OSt
005 - وقت وتاريخ اخر تعامل مع التسجيلة
رقم الضبط 20150408113912.0
008 - عناصر البيانات ثابتة الطول - معلومات عامة
حقل البيانات ثابتة الطول 110825s2010 jo f f |||| 00| 0 ara d
040 ## - مصدر الفهرسة
وكالة النسخ دار أجنادين
082 ## - رقم تصنيف ديوى العشرى
رقم الطبعة 21
رقم التصنيف 005.133
رقم المادة ف أ م
100 ## - المدخل الرئيسى - إسم شخصى
الإسم الشخصى الفليح، أنور مفضي الحمود.
9 (RLIN) 3180
245 ## - بيان العنوان
العنوان مختبر فيجوال C++ )2008( =
بقية العنوان LAB Manual microsoft visual c ++ 2008 /
بيان المسئوليه,etc أنور مفضي الحمود فليح.
246 ## - العنوان الموازى
عنوان صحيح/عنوان مختصر LAB Manual microsoft visual c ++ 2008
250 ## - بيان الطبعة
بيان الطبعة ط. 1.
260 ## - PUBLICATION, DISTRIBUTION, ETC. (IMPRINT)
مكان الناشر او الموزع عمان ، الأردن :
اسم الناشر او الموزع دار الاعصار العلمي ؛
-- مكتبة المجتمع العربي،
تاريخ النشر أو التوزيع 2010
300 ## - الوصف المادى
التعداد 122 ص. :
تفاصيل ماديه اخرى للوعاء أشكال ؛
أبعاد الوعاء 24 سم.
650 ## - المدخل الاضافى بالموضوع-مصطلح موضوعى
مصدر الرأس أو المصطلح مايكروسوفت فيجوال بيسك (ملف حاسوب)
650 ## - المدخل الاضافى بالموضوع-مصطلح موضوعى
مصطلح موضوعي أو اسم جغرافي كعنصر مدخل الحاسبات الالكترونية
التقسيم الفرعي العام برامح.
9 (RLIN) 3181
942 ## - عناصر المدخل الإضافي( كوها)
مصدر التصنيف او مخطط الترفيف Dewey Decimal Classification
Koha [default] item type DVD
المقتنيات
حالة الفقد نموذج السعر الفعال حالة تلف ليس للاعارة رقم الطلب تاريخ الاكتساب الموقع الحالي الباركود الفرع الرئيسي Date last seen نوع المادة فى نظام كوها مصدر التصنيف او خطة الترفيف Total Checkouts
  2017-02-28     005.133 ف أ م 2017-02-28 المكتبة المركزية بالمجمعة (CL) 00706164 المكتبة المركزية بالمجمعة (CL) 2017-02-28 كتاب Dewey Decimal Classification  
  2017-02-28     005.133 ف أ م 2017-02-28 المكتبة المركزية بالمجمعة (CL) 00706165 المكتبة المركزية بالمجمعة (CL) 2017-02-28 كتاب Dewey Decimal Classification  
  2017-02-28     005.133 ف أ م 2017-02-28 المكتبة المركزية بالمجمعة (CL) 00706166 المكتبة المركزية بالمجمعة (CL) 2017-02-28 كتاب Dewey Decimal Classification  
  2013-03-10     005.133 ف أ م 2011-08-25 كلية الشريعة والقانون - طلاب 00102446 كلية الشريعة والقانون - طلاب 2013-03-10 كتاب Dewey Decimal Classification  
  2013-03-10     005.133 ف أ م 2011-08-25 كلية الشريعة والقانون - طلاب 00102445 كلية الشريعة والقانون - طلاب 2013-03-10 كتاب Dewey Decimal Classification  
  2013-03-10     005.133 ف أ م 2011-08-25 كلية الشريعة والقانون - طلاب 00102444 كلية الشريعة والقانون - طلاب 2013-03-10 كتاب Dewey Decimal Classification